| 000 | 03030cam a22004217i 4500 | ||
|---|---|---|---|
| 999 |
_c12020 _d12020 |
||
| 003 | OSt | ||
| 005 | 20240117155106.0 | ||
| 008 | 190918s2019 gw ab 000 0 eng d | ||
| 020 |
_a9783791358567 _q(book trade edition ; _qhardbound) |
||
| 020 |
_a9783791369150 _q(Aga Khan Trust for Culture edition) |
||
| 042 | _alccopycat | ||
| 043 | _aa-pk--- | ||
| 082 | 0 | 4 |
_a954.9143 _223 |
| 130 | 0 | _aLahore (Prestel Verlag) | |
| 245 | 1 | 0 |
_aLahore : _ba framework for urban conservation / _cedited by Philip Jodidio. |
| 300 |
_a400 pages : _billustrations (chiefly color), maps ; _c29 cm |
||
| 500 | _a"The Aga Khan Historic Cities Programme." | ||
| 520 | _aExplore the magnificent, ancient city of Lahore, Pakistan, and learn how its culture, infrastructure, and economy are being revitalized for the 21st century. The cultural capital of Pakistan, and one of the world's most historically fascinating cities--Lahore--has retained much of its historic heritage despite centuries of turbulence. Today it remains a vibrant epicenter of commercial and cultural activity. Since 2007 the Aga Khan Trust for Culture has been working to preserve the walled city of Lahore. This book explores every aspect of that effort, including drafting a strategic master plan, mapping strategies for conserving monuments, gardens, and temples, renovating neighborhoods and landscapes, and developing environmental solutions. It focuses on specific sites, such as the breathtaking Shahi Hammam, or Royal Bath; the Shahi Guzargah heritage trail; the fabled Imperial Kitchen; Lahore Fort--a World Heritage site--and the Badshahi and Wazir Khan mosques. Filled with illustrations, maps, architectural plans, and detailed information about the engineering and conservation projects, this book is an unparalleled exploration of urban renaissance at its most ambitious, as well as a thrilling introduction to one of the world's most important cultural cities. | ||
| 610 | 2 | 0 |
_aAga Khan Trust for Culture. _bHistoric Cities Programme. |
| 650 | 0 |
_aHistoric preservation _zPakistan _zLahore. |
|
| 650 | 0 |
_aArchitecture _xConservation and restoration _zPakistan _zLahore. |
|
| 650 | 0 |
_aCultural property _xProtection _zPakistan _zLahore. |
|
| 650 | 7 |
_aArchitecture _xConservation and restoration. _2fast |
|
| 650 | 7 |
_aBuildings. _2fast |
|
| 650 | 7 |
_aCultural property _xProtection. _2fast |
|
| 650 | 7 |
_aHistoric buildings _xConservation and restoration. _2fast |
|
| 650 | 7 |
_aHistoric preservation. _2fast |
|
| 650 | 7 |
_aHistoric sites _xConservation and restoration. _2fast |
|
| 651 | 0 |
_aLahore (Pakistan) _xBuildings, structures, etc. |
|
| 651 | 7 |
_aPakistan _zLahore. _2fast |
|
| 700 | 1 |
_aJodidio, Philip, _eeditor. |
|
| 710 | 2 |
_aAga Khan Trust for Culture. _bHistoric Cities Programme. |
|
| 776 | 0 | 8 |
_z9783791369150 _iAga Khan Trust for Culture edition |
| 906 |
_a7 _bcbc _ccopycat _d2 _eepcn _f20 _gy-gencatlg |
||
| 942 | _2ddc | ||